[Event "MEX-ch"]
[Site "Mexico City"]
[Date "2023.11.07"]
[Round "1"]
[White "Benitez Lozano, Javier"]
[Black "Lom Hernandez, Javier"]
[Result "1-0"]
[WhiteElo "2282"]
[BlackElo "1920"]
[PlyCount "69"]
[EventDate "2023.11.07"]
[EventType "swiss"]
[EventRounds "9"]
[EventCountry "MEX"]
[SourceTitle "CB46_2023"]
[SourceDate "2023.11.15"]
[SourceVersion "1"]
[SourceVersionDate "2023.11.15"]
[SourceQuality "1"]

1. d4 Nf6 2. c4 Nc6 3. Nf3 e6 4. a3 d6 5. Nc3 Be7 6. e4 0-0 7. Bd3 e5 8. d5 Nb8 9. h3 c5 10. g4 Ne8 11. Qe2 Na6 12. Be3 Bd7 13. Rg1 Nac7 14. Kd2 a6 15. a4 b6 16. Kc2 Rb8 17. h4 b5 18. axb5 axb5 19. cxb5 Nxb5 20. Nxb5 Bxb5 21. Bxb5 Qb6 22. b3 Qxb5 23. Qxb5 Rxb5 24. Ra7 Bd8 25. h5 f6 26. Rga1 Nc7 27. Nh4 Rf7 28. Nf5 Rd7 29. R1a6 Be7 30. Nxe7+ Rxe7 31. Rc6 Nxd5 32. Ra8+ Kf7 33. exd5 Reb7 34. Rac8 Rxb3 35. R6c7+ 1-0

[Event "Mexico City Independence Cup 11th"]
[Site "Mexico City"]
[Date "2022.09.17"]
[Round "6"]
[White "Benitez Lozano, Javier"]
[Black "Garcia Almaguer, Juan Manuel"]
[Result "1-0"]
[WhiteElo "2279"]
[BlackElo "2072"]
[PlyCount "105"]
[EventDate "2022.09.14"]
[EventType "tourn"]
[EventRounds "7"]
[EventCountry "MEX"]
[SourceTitle "CBM 210 Extra"]
[Source "ChessBase"]
[SourceDate "2022.11.30"]
[SourceVersion "1"]
[SourceVersionDate "2022.11.30"]
[SourceQuality "1"]

1. c4 g6 2. e4 Bg7 3. d4 d6 4. Nc3 c5 5. d5 f5 6. exf5 Bxf5 7. Bd3 Bxc3+ 8. bxc3 Qa5 9. Bxf5 Qxc3+ 10. Bd2 Qe5+ 11. Ne2 Qxf5 12. 0-0 Nf6 13. Nf4 0-0 14. Ne6 Nbd7 15. Nxf8 Rxf8 16. Qe2 b5 17. Qxe7 Re8 18. Qxd6 bxc4 19. Rae1 Ne4 20. Qf4 Qxd5 21. f3 Nef6 22. Rxe8+ Nxe8 23. Re1 Ng7 24. Bc3 Ne6 25. Qe4 Qxe4 26. Rxe4 Kf7 27. Rxc4 Nb6 28. Rh4 h5 29. Re4 Ke7 30. h4 Nd5 31. Be5 Nb4 32. a3 Nc6 33. Kf2 Kd7 34. g4 Ne7 35. Ba1 Nc6 36. Be5 Ne7 37. Kg3 Nc6 38. Bf6 Kd6 39. f4 Kd5 40. Re1 hxg4 41. Kxg4 Ncd4 42. Bxd4 Nxd4 43. Re5+ Kd6 44. Re3 c4 45. Kg5 Ne6+ 46. Kxg6 Nxf4+ 47. Kg5 Ng2 48. Re2 Nxh4 49. Kxh4 Kd5 50. Kg3 Kd4 51. Kf2 Kc3 52. Re7 Kb3 53. Rxa7 1-0

[Event "Mexico City Independence Cup 11th"]
[Site "Mexico City"]
[Date "2022.09.15"]
[Round "3"]
[White "Flom, Gabriel"]
[Black "Benitez Lozano, Javier"]
[Result "1-0"]
[WhiteElo "2421"]
[BlackElo "2279"]
[PlyCount "101"]
[EventDate "2022.09.14"]
[EventType "tourn"]
[EventRounds "7"]
[EventCountry "MEX"]
[SourceTitle "CBM 210 Extra"]
[Source "ChessBase"]
[SourceDate "2022.11.30"]
[SourceVersion "1"]
[SourceVersionDate "2022.11.30"]
[SourceQuality "1"]

1. d4 Nf6 2. c4 e6 3. Nc3 Bb4 4. Qc2 0-0 5. Nf3 d5 6. a3 Bxc3+ 7. Qxc3 dxc4 8. Qxc4 b6 9. Bg5 Bb7 10. Rd1 Qe7 11. Bxf6 gxf6 12. e3 Kh8 13. Be2 Rc8 14. 0-0 c5 15. dxc5 Nd7 16. Qh4 Rxc5 17. b4 Rd5 18. Rxd5 Bxd5 19. Rc1 Nf8 20. Qg3 Rd8 21. Qc7 Rd7 22. Qc3 a5 23. bxa5 bxa5 24. Qxa5 Ra7 25. Qb4 Qxb4 26. axb4 Ra2 27. Bf1 Rb2 28. b5 Ng6 29. Nd4 Kg7 30. Rc5 Ne5 31. Nf5+ exf5 32. Rxd5 f4 33. exf4 Ng4 34. h3 Nxf2 35. b6 Nxh3+ 36. gxh3 Rxb6 37. Kf2 Rb7 38. Bd3 Rb4 39. Kf3 Rb7 40. Kg4 Rc7 41. Bf5 Ra7 42. Rd7 Ra6 43. Be4 Ra5 44. Bd5 Ra6 45. Kf5 Ra3 46. Rxf7+ Kh6 47. Rxf6+ Kg7 48. h4 Rh3 49. Rd6 Rxh4 50. Kg5 Rh3 51. Rd7+ 1-0

[Event "Mexican op 67th"]
[Site "Chihuahua City"]
[Date "2022.04.13"]
[Round "3"]
[White "Cordova, Emilio"]
[Black "Benitez Lozano, Javier"]
[Result "1-0"]
[WhiteElo "2544"]
[BlackElo "2309"]
[PlyCount "77"]
[EventDate "2022.04.12"]
[EventType "swiss"]
[EventRounds "9"]
[EventCountry "MEX"]
[SourceTitle "CBM 207 Extra"]
[Source "ChessBase"]
[SourceDate "2022.05.31"]
[SourceVersion "1"]
[SourceVersionDate "2022.05.31"]
[SourceQuality "1"]

1. Nf3 Nf6 2. g3 b6 3. Bg2 Bb7 4. 0-0 e6 5. c4 c5 6. Nc3 d6 7. Re1 Be7 8. e4 a6 9. d4 cxd4 10. Nxd4 Qc7 11. Be3 Nbd7 12. Rc1 0-0 13. f4 Rfe8 14. Bf2 Rad8 15. Qe2 Bf8 16. b4 g6 17. b5 e5 18. Nd5 Bxd5 19. cxd5 Nc5 20. fxe5 dxe5 21. Nc6 Ra8 22. bxa6 Nxa6 23. Qf3 Bg7 24. a4 Nb8 25. Bf1 Nxc6 26. Rxc6 Qe7 27. Bb5 Reb8 28. Rf1 Ne8 29. Bxb6 Rxb6 30. Rxb6 Bf8 31. Kh1 Ra7 32. Bxe8 Qxe8 33. a5 Be7 34. a6 f6 35. Qb3 Bd8 36. Rc6 Qd7 37. Qb8 Qe7 38. Rcxf6 Rd7 39. Rf8+ 1-0

[Event "Titled Tuesday intern op 10th Aug"]
[Site "Chess.com INT"]
[Date "2021.08.10"]
[Round "7"]
[White "Benitez Lozano, Javier"]
[Black "Mendonca, Leon Luke"]
[Result "0-1"]
[WhiteElo "2287"]
[BlackElo "2537"]
[PlyCount "76"]
[EventDate "2021.08.10"]
[EventType "swiss (blitz)"]
[EventRounds "11"]
[EventCountry "USA"]
[SourceTitle "CBM 203 Extra"]
[Source "ChessBase"]
[SourceDate "2021.09.30"]
[SourceVersion "1"]
[SourceVersionDate "2021.09.30"]
[SourceQuality "1"]

1. d4 Nf6 2. c4 c5 3. Nf3 cxd4 4. Nxd4 Nc6 5. Nc3 g6 6. e4 Bg7 7. Be3 0-0 8. Be2 d6 9. 0-0 Bd7 10. h3 Nxd4 11. Bxd4 Bc6 12. Qc2 Nd7 13. Bxg7 Kxg7 14. b4 b6 15. f4 Rc8 16. Qd2 Kg8 17. Rac1 Bb7 18. a3 Nf6 19. Qd4 Qd7 20. Rcd1 Qc7 21. Rde1 Rfd8 22. f5 a6 23. Nd5 Bxd5 24. exd5 Qb7 25. g4 b5 26. g5 Nd7 27. fxg6 hxg6 28. Rxf7 Kxf7 29. Rf1+ Kg8 30. Bg4 Nf8 31. cxb5 axb5 32. Qe4 e5 33. Rxf8+ Rxf8 34. Qxg6+ Qg7 35. Be6+ Kh8 36. Qh5+ Qh7 37. Qg4 Rc7 38. g6 Qh6 0-1

[Event "Titled Tuesday intern op 10th Aug"]
[Site "Chess.com INT"]
[Date "2021.08.10"]
[Round "2"]
[White "Szente Varga, Fruzsina"]
[Black "Benitez Lozano, Javier"]
[Result "1/2-1/2"]
[WhiteElo "2100"]
[BlackElo "2287"]
[PlyCount "136"]
[EventDate "2021.08.10"]
[EventType "swiss (blitz)"]
[EventRounds "11"]
[EventCountry "USA"]
[SourceTitle "CBM 203 Extra"]
[Source "ChessBase"]
[SourceDate "2021.09.30"]
[SourceVersion "1"]
[SourceVersionDate "2021.09.30"]
[SourceQuality "1"]

1. e4 e6 2. d4 d5 3. Nd2 Nc6 4. Bb5 Bd7 5. Ngf3 Nf6 6. e5 Ne4 7. Nxe4 dxe4 8. Ng5 Nxd4 9. Bxd7+ Qxd7 10. c3 h6 11. Nxe4 Nc6 12. Qxd7+ Kxd7 13. f4 a5 14. Be3 Ne7 15. 0-0-0+ Kc6 16. g4 Nd5 17. Bd2 b5 18. h4 a4 19. Rdf1 Re8 20. Ng3 Bc5 21. f5 exf5 22. Rxf5 Rhf8 23. Rhf1 f6 24. exf6 Rxf6 25. Rxf6+ Nxf6 26. g5 hxg5 27. hxg5 Ne4 28. Nxe4 Rxe4 29. Rf7 Re7 30. Rf5 Re6 31. b4 axb3 32. axb3 g6 33. Rf7 Bd6 34. Kc2 Kd5 35. Kd3 c5 36. c4+ bxc4+ 37. bxc4+ Kc6 38. Bc3 Kb6 39. Bf6 Kc6 40. Rg7 Be5 41. Bxe5 Rxe5 42. Rxg6+ Kd7 43. Kc3 Re3+ 44. Kb2 Rg3 45. Rg8 Kc7 46. Rg6 Kd7 47. Kc2 Ke7 48. Kd2 Kf7 49. Rf6+ Ke7 50. Rf5 Kd6 51. Rd5+ Kc6 52. Ke2 Rg4 53. Kd3 Rg3+ 54. Ke4 Rg4+ 55. Ke5 Rxc4 56. Rd6+ Kb5 57. g6 Rg4 58. Kf5 Rg1 59. Kf6 c4 60. Rd8 c3 61. Rc8 Kb4 62. g7 Kb3 63. g8Q+ Rxg8 64. Rxg8 c2 65. Rb8+ Kc3 66. Rc8+ Kd2 67. Ke5 c1Q 68. Rxc1 Kxc1 1/2-1/2

[Event "Mexican op 66th"]
[Site "Villahermosa"]
[Date "2021.08.05"]
[Round "3"]
[White "Benitez Lozano, Javier"]
[Black "Mareco, Sandro"]
[Result "1-0"]
[WhiteElo "2287"]
[BlackElo "2629"]
[PlyCount "59"]
[EventDate "2021.08.04"]
[EventType "swiss"]
[EventRounds "8"]
[EventCountry "MEX"]
[SourceTitle "CBM 203 Extra"]
[Source "ChessBase"]
[SourceDate "2021.09.30"]
[SourceVersion "1"]
[SourceVersionDate "2021.09.30"]
[SourceQuality "1"]

1. c4 e5 2. e3 Nf6 3. Nc3 Nc6 4. Nf3 Bb4 5. Qc2 Bxc3 6. Qxc3 Qe7 7. a3 0-0 8. Be2 d5 9. d4 exd4 10. Nxd4 Ne4 11. Nxc6 bxc6 12. Qc2 Bf5 13. Bd3 Rad8 14. c5 Bg6 15. 0-0 Nxc5 16. Bxg6 fxg6 17. b4 Ne4 18. Bb2 g5 19. f3 Nd6 20. Bd4 Nc4 21. Bc5 Qf6 22. e4 Rfe8 23. Bxa7 Qg6 24. Qc3 Ra8 25. Bd4 Ra4 26. exd5 cxd5 27. f4 gxf4 28. Rxf4 Re2 29. Qf3 Re8 30. Qxd5+ 1-0

[Event "Titled Tuesday intern op 13th July"]
[Site "Chess.com INT"]
[Date "2021.07.13"]
[Round "7"]
[White "Benitez Lozano, Javier"]
[Black "Sellitti, Federico"]
[Result "0-1"]
[WhiteElo "2340"]
[BlackElo "2176"]
[PlyCount "94"]
[EventDate "2021.07.13"]
[EventType "swiss (blitz)"]
[EventRounds "11"]
[EventCountry "USA"]
[SourceTitle "CBM 203 Extra"]
[Source "ChessBase"]
[SourceDate "2021.09.30"]
[SourceVersion "1"]
[SourceVersionDate "2021.09.30"]
[SourceQuality "1"]

1. c4 c5 2. Nc3 Nc6 3. Nf3 Nf6 4. d4 cxd4 5. Nxd4 g6 6. e4 Bg7 7. Be3 d6 8. Be2 0-0 9. 0-0 a5 10. Ndb5 Bd7 11. Rc1 Rc8 12. b3 h5 13. h3 Nh7 14. Nd5 f5 15. exf5 Bxf5 16. Qd2 Qe8 17. Bd3 Qf7 18. Bxf5 gxf5 19. f4 Nf6 20. Nxf6+ Bxf6 21. Rfe1 Kh8 22. Nd4 Nxd4 23. Bxd4 Rg8 24. Bxf6+ Qxf6 25. Re2 Rg3 26. Rce1 Rcg8 27. Rd1 Qh4 28. Kh2 Rxh3+ 29. gxh3 Qg3+ 30. Kh1 Qxh3+ 31. Rh2 Qf3+ 32. Rg2 h4 33. Kh2 Rxg2+ 34. Qxg2 Qxd1 35. Qg5 Qg4 36. Qxe7 Qg3+ 37. Kh1 h3 38. Qf8+ Kh7 39. Qxf5+ Kh6 40. Qf6+ Kh5 41. Qh8+ Kg4 42. Qg7+ Kxf4 43. Qf6+ Ke3 44. Qe6+ Kf2 45. Qf5+ Qf3+ 46. Qxf3+ Kxf3 47. b4 axb4 0-1

[Event "Titled Tuesday intern op 13th July"]
[Site "Chess.com INT"]
[Date "2021.07.13"]
[Round "2"]
[White "Benitez Lozano, Javier"]
[Black "Voiteanu, Christian Gabriel"]
[Result "1-0"]
[WhiteElo "2340"]
[BlackElo "2111"]
[PlyCount "91"]
[EventDate "2021.07.13"]
[EventType "swiss (blitz)"]
[EventRounds "11"]
[EventCountry "USA"]
[SourceTitle "CBM 203 Extra"]
[Source "ChessBase"]
[SourceDate "2021.09.30"]
[SourceVersion "1"]
[SourceVersionDate "2021.09.30"]
[SourceQuality "1"]

1. c4 e6 2. Nf3 d5 3. g3 dxc4 4. Qa4+ Nd7 5. Bg2 a6 6. Qxc4 b5 7. Qc2 Bb7 8. a4 Ngf6 9. 0-0 Be7 10. d4 0-0 11. Rd1 Nb6 12. b3 Nbd5 13. Nc3 Nxc3 14. Qxc3 Nd5 15. Qc2 Nb4 16. Qb1 f5 17. Ng5 Bxg2 18. Nxe6 Qd6 19. Nxf8 Be4 20. Qb2 Rxf8 21. axb5 axb5 22. f3 Bd5 23. Bf4 Qe6 24. Rac1 c6 25. Qd2 Bxb3 26. Re1 Bc4 27. Rb1 Nd5 28. Be5 Bf6 29. e4 Nb6 30. Bf4 Rd8 31. Rbd1 c5 32. d5 Qf7 33. d6 Bd4+ 34. Be3 Bxe3+ 35. Qxe3 Nd7 36. e5 Qe6 37. h4 h6 38. Kh2 Kh7 39. Qf4 Bd5 40. Rd3 Bc4 41. Rde3 g6 42. Rc3 Bd5 43. Qe3 b4 44. Rxc5 Nxc5 45. Qxc5 Rc8 46. Qa7+ 1-0

[Event "Mexico City Fenamac-A"]
[Site "Mexico City"]
[Date "2021.07.02"]
[Round "4"]
[White "Gracia Alvarez, Gerardo Antonio"]
[Black "Benitez Lozano, Javier"]
[Result "1/2-1/2"]
[WhiteElo "2292"]
[BlackElo "2375"]
[PlyCount "88"]
[EventDate "2021.06.30"]
[EventType "tourn"]
[EventRounds "9"]
[EventCountry "MEX"]
[EventCategory "4"]
[SourceTitle "CBM 203 Extra"]
[Source "ChessBase"]
[SourceDate "2021.09.30"]
[SourceVersion "1"]
[SourceVersionDate "2021.09.30"]
[SourceQuality "1"]

1. d4 Nf6 2. Bf4 e6 3. e3 c5 4. c3 cxd4 5. exd4 Be7 6. Nd2 0-0 7. h3 b6 8. Ngf3 d6 9. a4 Ba6 10. Bb5 Bb7 11. 0-0 a6 12. Bd3 Nbd7 13. Re1 Re8 14. Bh2 Qc7 15. Nc4 Bc6 16. Ne3 b5 17. a5 Nd5 18. Nxd5 Bxd5 19. Nd2 Qc6 20. Bf1 Rac8 21. Qe2 Bg5 22. Ne4 Bxe4 23. Qxe4 Qxe4 24. Rxe4 d5 25. Ree1 Rc6 26. g4 g6 27. Bg3 Be7 28. Bg2 Kf8 29. Bf4 Rcc8 30. Re2 Nb8 31. Bh6+ Kg8 32. f4 Bf8 33. Bxf8 Kxf8 34. Rae1 Red8 35. f5 exf5 36. Re5 fxg4 37. hxg4 Nc6 38. Rxd5 Nxa5 39. Ra1 Nc4 40. Rxa6 Rxd5 41. Bxd5 Nxb2 42. Ra7 Rxc3 43. Rxf7+ Ke8 44. Rxh7 Rg3+ 1/2-1/2

[Event "Titled Tuesday intern op 22nd June"]
[Site "Chess.com INT"]
[Date "2021.06.22"]
[Round "4"]
[White "Karthikeyan, Murali"]
[Black "Benitez Lozano, Javier"]
[Result "1-0"]
[WhiteElo "2606"]
[BlackElo "2375"]
[PlyCount "71"]
[EventDate "2021.06.22"]
[EventType "swiss (blitz)"]
[EventRounds "11"]
[EventCountry "USA"]
[SourceTitle "CBM 203 Extra"]
[Source "ChessBase"]
[SourceDate "2021.09.30"]
[SourceVersion "1"]
[SourceVersionDate "2021.09.30"]
[SourceQuality "1"]

1. Nf3 d5 2. g3 Nf6 3. Bg2 e6 4. 0-0 Be7 5. d3 0-0 6. Nbd2 c5 7. e4 Nc6 8. Re1 b5 9. e5 Nd7 10. Nf1 Qc7 11. Bf4 Bb7 12. h4 Rfc8 13. Qd2 Qd8 14. c3 b4 15. h5 bxc3 16. bxc3 h6 17. g4 Ba6 18. N1h2 Rab8 19. Kh1 Rb6 20. Rab1 Rcb8 21. Rxb6 Qxb6 22. g5 hxg5 23. Bxg5 Qb2 24. Qf4 Bxd3 25. h6 Qxf2 26. Ng4 Qc2 27. hxg7 Kxg7 28. Bxe7 Nxe7 29. Qh6+ Kg8 30. Nh4 Rb1 31. Nf6+ Nxf6 32. exf6 Rxe1+ 33. Kh2 Nf5 34. Nxf5 Rh1+ 35. Kxh1 Qc1+ 36. Qxc1 1-0

[Event "Titled Tuesday intern op 15th June"]
[Site "Chess.com INT"]
[Date "2021.06.15"]
[Round "7"]
[White "Benitez Lozano, Javier"]
[Black "Ahmad, Al Khatib"]
[Result "1-0"]
[WhiteElo "2375"]
[BlackElo "2254"]
[PlyCount "91"]
[EventDate "2021.06.15"]
[EventType "swiss (blitz)"]
[EventRounds "11"]
[EventCountry "USA"]
[SourceTitle "CBM 203 Extra"]
[Source "ChessBase"]
[SourceDate "2021.09.30"]
[SourceVersion "1"]
[SourceVersionDate "2021.09.30"]
[SourceQuality "1"]

1. d4 Nf6 2. c4 g6 3. Nc3 Bg7 4. e4 0-0 5. Nge2 d6 6. Ng3 Nbd7 7. Be2 c5 8. d5 h5 9. 0-0 h4 10. Nh1 h3 11. g3 Ne5 12. f3 a6 13. a4 e6 14. f4 Neg4 15. Bxg4 Nxg4 16. Qxg4 exd5 17. Qe2 d4 18. Nd5 Re8 19. Nf2 f5 20. Qf3 Rb8 21. a5 Be6 22. exf5 Bxf5 23. Bd2 Qd7 24. b3 Bc2 25. Rac1 d3 26. Nxd3 Bd4+ 27. Nf2 Be4 28. Qd1 Bg2 29. Bc3 Qg7 30. Bxd4 cxd4 31. Re1 Rxe1+ 32. Qxe1 d3 33. Nxd3 Qd4+ 34. Nf2 Qb2 35. Rb1 Qc2 36. Rc1 Qb2 37. Rd1 Bxd5 38. Rxd5 Rf8 39. Rxd6 Qa2 40. Rxg6+ Kh7 41. Re6 Rf7 42. Re7 Kg7 43. Qe5+ Kg6 44. Qg5+ Kh7 45. Rxf7+ Kh8 46. Qg7# 1-0